[Event "Goodricke Open"]
[Site "Calcutta IND"]
[Date "2000.02.06"]
[EventDate "2000.02.05"]
[Round "1"]
[Result "0-1"]
[White "Dipanjan Das"]
[Black "Pentala Harikrishna"]
[WhiteElo "2292"]
[BlackElo "2354"]
[PlyCount "66"]

1. e4 e6 2. d3 d5 3. Nd2 Nf6 4. Ngf3 b6 5. e5 Nfd7 6. d4 c5
7. c3 Be7 8. Be2 Ba6 9. Bxa6 Nxa6 10. O-O O-O 11. Qe2 Nab8
12. c4 dxc4 13. dxc5 c3 14. cxb6 cxd2 15. b7 dxc1=Q 16. Raxc1
Nc6 17. bxa8=Q Qxa8 18. Qb5 Rc8 19. Rfd1 a6 20. Qe2 Nb6
21. Nd2 Nd5 22. Nc4 Bc5 23. Nd6 Bxd6 24. exd6 Rd8 25. a3 Rxd6
26. b4 Qb7 27. Qc4 h6 28. h3 Nce7 29. Qd4 Kh7 30. Qe4+ Ng6
31. g3 f5 32. Qe2 e5 33. Rc5 Ndf4 0-1

[Event "Goodricke Open"]
[Site "Calcutta IND"]
[Date "2000.02.07"]
[EventDate "2000.02.05"]
[Round "2"]
[Result "0-1"]
[White "Pentala Harikrishna"]
[Black "Jayant Suresh Gokhale"]
[WhiteElo "2354"]
[BlackElo "2305"]
[PlyCount "122"]

1. c4 Nf6 2. Nc3 g6 3. g3 Bg7 4. Bg2 O-O 5. e4 c5 6. Nge2 Nc6
7. O-O d6 8. Rb1 e5 9. d3 Be6 10. a3 Qd7 11. b4 Bh3 12. Nd5
Bxg2 13. Kxg2 Rae8 14. h3 Nd4 15. Nxf6+ Bxf6 16. Nxd4 cxd4
17. f4 exf4 18. Bxf4 Bg7 19. c5 Be5 20. Qb3 Qe6 21. Qd5 Rc8
22. Qxe6 fxe6 23. Bxe5 dxe5 24. Rfc1 Rf7 25. Rc2 Rfc7 26. Rbc1
Kf8 27. Rc4 Ke8 28. b5 a6 29. a4 axb5 30. axb5 Ra8 31. R1c2
Ra3 32. c6 b6 33. Rb2 Ke7 34. Rcb4 Rxd3 35. Ra4 Kd6 36. Ra8
Rc3 37. Rd8+ Kc5 38. Rd7 Rc8 39. c7 Kc4 40. Rd6 Rxc7 41. Rxb6
Kd3 42. Rxe6 Ke3 43. Rf6 Rc2+ 44. Rf2 Rxf2+ 45. Rxf2 Rb7
46. Rb2 Kxe4 47. Kf2 Rb6 48. Ke2 Kd5 49. Rb1 h5 50. g4 hxg4
51. hxg4 g5 52. Kd2 e4 53. Rb2 Rh6 54. Rb4 Kc5 55. Ra4 Rb6
56. Ra8 Rxb5 57. Rg8 Rb2+ 58. Kc1 Rg2 59. Rxg5+ Kc4 60. Ra5 e3
61. g5 Rg1+ 0-1

[Event "Goodricke Open"]
[Site "Calcutta IND"]
[Date "2000.02.08"]
[EventDate "2000.02.05"]
[Round "3"]
[Result "1-0"]
[White "Narayanan Neelakantan"]
[Black "Pentala Harikrishna"]
[WhiteElo "2213"]
[BlackElo "2354"]
[PlyCount "111"]

1. e4 e6 2. d4 d5 3. Nc3 Bb4 4. Nge2 dxe4 5. a3 Bxc3+ 6. Nxc3
Nc6 7. Bb5 Nge7 8. Bg5 f6 9. Be3 O-O 10. Qd2 f5 11. O-O-O a6
12. Bxc6 Nxc6 13. f3 exf3 14. gxf3 e5 15. d5 Na5 16. Qe2 b5
17. f4 exf4 18. Bxf4 Bd7 19. Rhg1 Rf7 20. Rg3 Qf6 21. Rdg1 Nc4
22. Qh5 Ne5 23. Ne4 Nd3+ 24. cxd3 fxe4 25. Be5 Qf5 26. Qxf7+
Kxf7 27. Rxg7+ Ke8 28. Rg8+ Qf8 29. dxe4 Bh3 30. R1g7 h5
31. Kd2 Ra7 32. Rxf8+ Kxf8 33. Rxc7 Ra8 34. Rh7 Re8 35. Rxh5
Kf7 36. Rxh3 Rxe5 37. Ke3 Rg5 38. Rg3 Rh5 39. h3 Kf6 40. Kd4
Rh4 41. Re3 Rf4 42. b4 Rh4 43. Kc5 Ke5 44. d6 Rh6 45. Rd3 Kxe4
46. d7 Rh5+ 47. Kc6 Kxd3 48. d8=Q Kc2 49. Qd7 Kb2 50. Qd3 Rh4
51. Kb7 a5 52. bxa5 b4 53. axb4 Rxb4+ 54. Kc6 Ka1 55. Qa3+ Kb1
56. Qxb4+ 1-0

[Event "Goodricke Open"]
[Site "Calcutta IND"]
[Date "2000.02.10"]
[EventDate "2000.02.05"]
[Round "5"]
[Result "1-0"]
[White "Pentala Harikrishna"]
[Black "Azer Mirzoev"]
[WhiteElo "2354"]
[BlackElo "2438"]
[PlyCount "79"]

1. c4 c5 2. Nc3 b6 3. e4 Bb7 4. g3 Nf6 5. Bg2 e6 6. Nge2 d6
7. O-O a6 8. Re1 Qc7 9. b3 Be7 10. Bb2 O-O 11. f4 Nc6 12. Rc1
Rfe8 13. h3 Rab8 14. Kh2 Ba8 15. d4 cxd4 16. Nd5 Qa7 17. Nxe7+
Qxe7 18. Nxd4 Nxd4 19. Qxd4 e5 20. Qd2 exf4 21. Qxf4 Nd7
22. Rcd1 Ne5 23. Ba3 Rbd8 24. Qd2 Qf6 25. Qf4 Qg6 26. Rd4 Re6
27. Red1 h5 28. Qf5 Qh6 29. Bc1 Qh8 30. Ba3 Qh6 31. Bc1 Qh8
32. Qg5 f6 33. Qf5 Kf7 34. Ba3 g6 35. Qf2 Qf8 36. R1d2 b5
37. c5 Kg7 38. Rxd6 Rexd6 39. Rxd6 Rxd6 40. cxd6 1-0

[Event "Goodricke Open"]
[Site "Calcutta IND"]
[Date "2000.02.11"]
[EventDate "2000.02.05"]
[Round "6"]
[Result "1-0"]
[White "Pentala Harikrishna"]
[Black "Roy Saptarshi"]
[WhiteElo "2354"]
[BlackElo "2107"]
[PlyCount "61"]

1. c4 e5 2. Nc3 Nf6 3. d3 d5 4. cxd5 Nxd5 5. Nf3 Nc6 6. e4 Nb6
7. Be2 Bg4 8. O-O Qd7 9. Be3 Rd8 10. Rc1 Be7 11. h3 Bxf3
12. Bxf3 Qxd3 13. Qxd3 Rxd3 14. Nd5 Nd4 15. Bxd4 Rxd4
16. Nxc7+ Kf8 17. Nb5 Rb4 18. Nxa7 g6 19. b3 Bd6 20. Rfd1 Ke7
21. a4 Rxb3 22. a5 Nd7 23. Rc8 Nf8 24. Be2 Rb2 25. Bc4 f5
26. h4 Kd7 27. Ra8 Rb4 28. Nc8 Ne6 29. Rxd6+ Kc7 30. Bxe6 Rxc8
31. Rd7+ 1-0

[Event "Goodricke Open"]
[Site "Calcutta IND"]
[Date "2000.02.12"]
[EventDate "2000.02.05"]
[Round "7"]
[Result "0-1"]
[White "Ramachandran Ramesh"]
[Black "Pentala Harikrishna"]
[WhiteElo "2443"]
[BlackElo "2354"]
[PlyCount "78"]

1. e4 e6 2. d4 d5 3. Nd2 c5 4. exd5 Qxd5 5. Ngf3 cxd4 6. Bc4
Qd6 7. O-O Nf6 8. Nb3 Nc6 9. Nbxd4 Nxd4 10. Nxd4 a6 11. Re1
Qc7 12. Bb3 Bd7 13. Qf3 Bd6 14. h3 O-O-O 15. Bg5 Qc5 16. Be3
Qe5 17. g3 Qe4 18. Rad1 Bc6 19. Qxe4 Bxe4 20. f3 Bg6 21. Ne2
Bc7 22. Kg2 h6 23. a3 Nd7 24. Nf4 Bh7 25. Nd3 Nf6 26. Nc5 Rxd1
27. Rxd1 Rd8 28. Rxd8+ Bxd8 29. Kf2 Bc7 30. Ba4 Nd5 31. Bd2 b5
32. c4 Bb6 33. b4 bxc4 34. Ke1 c3 35. Bc1 a5 36. Ne4 axb4
37. Nd6+ Kc7 38. Nxf7 Be3 39. Bxe3 bxa3 0-1

[Event "Goodricke Open"]
[Site "Calcutta IND"]
[Date "2000.02.16"]
[EventDate "2000.02.05"]
[Round "11"]
[Result "0-1"]
[White "Pentala Harikrishna"]
[Black "Thandalam Shanmugam Ravi"]
[WhiteElo "2354"]
[BlackElo "2373"]
[PlyCount "176"]

1. c4 c5 2. Nc3 Nf6 3. Nf3 Nc6 4. e3 g6 5. d4 cxd4 6. exd4 d5
7. Bg5 Ne4 8. cxd5 Nxc3 9. bxc3 Qxd5 10. c4 Qd6 11. Be2 Bg7
12. Be3 Bg4 13. Rb1 b6 14. O-O O-O 15. h3 Bf5 16. Rb5 Rfd8
17. Qb3 Na5 18. c5 Qd7 19. Qd1 Be4 20. Ne5 Bxe5 21. dxe5 Qb7
22. Qa4 Bc6 23. Qb4 Bxb5 24. Qxb5 Qd7 25. Qa6 Qc8 26. Qb5 Qe6
27. Bf3 Rab8 28. c6 Rbc8 29. Rc1 Rc7 30. Rc2 h5 31. g4 hxg4
32. Bxg4 Qd5 33. Qxd5 Rxd5 34. Bf3 Rxe5 35. Bf4 Re1+ 36. Kg2
e5 37. Bd2 Rb1 38. Bg5 e4 39. Bxe4 Rd1 40. Bd2 Nxc6 41. Bf4
Rc8 42. Rxc6 Rxc6 43. Bxc6 Kf8 44. Bb8 a6 45. Bb7 Rd2 46. a3
Ke7 47. Bf4 Rd3 48. Bc1 a5 49. a4 Rc3 50. Bg5+ f6 51. Be3 Rc4
52. Bxb6 Rxa4 53. Bc6 Ra1 54. h4 a4 55. Bc5+ Kf7 56. Kf3 Rc1
57. Bd5+ Kg7 58. Be3 Rd1 59. Be6 a3 60. Ke2 Rb1 61. Kd3 Rh1
62. Bc5 f5 63. Ke2 Rxh4 64. Bb3 Rh3 65. Bd5 g5 66. Bd6 Kf6
67. f3 g4 68. Bxa3 Ke5 69. Ba8 Rh2+ 70. Kf1 Ra2 71. f4+ Kf6
72. Bc6 Rxa3 73. Kg2 Ke6 74. Bb7 Rc3 75. Kf2 Kf6 76. Bd5 Kg6
77. Be6 Rf3+ 78. Kg2 Rxf4 79. Kg3 Rf3+ 80. Kg2 Kg5 81. Bd7 Rd3
82. Bc8 Rd2+ 83. Kf1 f4 84. Ke1 Rb2 85. Kf1 f3 86. Kg1 g3
87. Bh3 Rb1+ 88. Bf1 Rc1 0-1

[Event "WIPRO GM"]
[Site "Hyderabad IND"]
[Date "2000.07.24"]
[EventDate "2000.07.16"]
[Round "9"]
[Result "1/2-1/2"]
[White "Subbaraman Vijayalakshmi"]
[Black "Pentala Harikrishna"]
[WhiteElo "2378"]
[BlackElo "2500"]
[PlyCount "79"]

1. Nf3 Nf6 2. g3 d5 3. Bg2 Bf5 4. O-O e6 5. d3 h6 6. Nbd2 Be7
7. Qe1 O-O 8. e4 Bh7 9. b3 c5 10. Ne5 Nfd7 11. Ndf3 dxe4
12. dxe4 Nf6 13. Nd2 Qd4 14. Bb2 Qxb2 15. Ndc4 Qxc2 16. Ne3
Qb2 17. N3c4 Qd4 18. Rd1 Bxe4 19. Rxd4 Bxg2 20. Rd1 Bxf1
21. Qxf1 Nd5 22. Ne3 Nc3 23. Rd2 Nc6 24. Nxc6 bxc6 25. Qa6 Bf6
26. Rd7 Bd4 27. Nc4 Nd5 28. Rxa7 Nb4 29. Rxa8 Nxa6 30. Rxa6 f5
31. Kg2 f4 32. f3 e5 33. gxf4 Rxf4 34. a4 Rf6 35. a5 Rg6+
36. Kh3 Rf6 37. Kg2 Rg6+ 38. Kh3 Rf6 39. Kg3 Rg6+ 40. Kh3
1/2-1/2

[Event "WIPRO GM"]
[Site "Hyderabad IND"]
[Date "2000.07.27"]
[EventDate "2000.07.16"]
[Round "12"]
[Result "1/2-1/2"]
[White "Pentala Harikrishna"]
[Black "Sergey Ionov"]
[WhiteElo "2500"]
[BlackElo "2542"]
[PlyCount "91"]

1. d4 Nf6 2. Nf3 e6 3. c4 b6 4. a3 Bb7 5. Nc3 d5 6. Bg5 Be7
7. Qa4+ Bc6 8. Qb3 dxc4 9. Qxc4 O-O 10. Bxf6 Bxf6 11. e4 Bb7
12. Rd1 Nd7 13. Be2 c6 14. h4 Re8 15. Rh3 b5 16. Qb3 Qb6
17. e5 Be7 18. Ng5 Rad8 19. Nce4 c5 20. Qc2 Bxe4 21. Qxe4 Nf8
22. dxc5 Rxd1+ 23. Bxd1 Qxc5 24. Rc3 Qb6 25. Qe3 b4 26. Qxb6
axb6 27. Rc6 bxa3 28. bxa3 Ng6 29. Nf3 Rb8 30. a4 Bxh4
31. Nxh4 Nxh4 32. Rc4 Ng6 33. f4 Ne7 34. Bf3 Rd8 35. Rb4 Nd5
36. Bxd5 Rxd5 37. Rxb6 g5 38. Rb4 gxf4 39. Re4 Kg7 40. Ke2 Kg6
41. Kf3 f5 42. exf6 e5 43. g3 fxg3 44. Kxg3 h5 45. Rh4 Rd3+
46. Kg2 1/2-1/2

[Event "34th Olympiad"]
[Site "Istanbul TUR"]
[Date "2000.11.04"]
[EventDate "2000.10.28"]
[Round "7"]
[Result "1/2-1/2"]
[White "Aleksander Petkov Delchev"]
[Black "Pentala Harikrishna"]
[WhiteElo "2557"]
[BlackElo "2500"]
[PlyCount "67"]

1. c4 Nf6 2. Nc3 e5 3. g3 d5 4. cxd5 Nxd5 5. Bg2 Nb6 6. Nf3
Nc6 7. O-O Be7 8. a3 Be6 9. b4 O-O 10. Rb1 f6 11. d3 a5 12. b5
Nd4 13. Nd2 c6 14. bxc6 Nxc6 15. Na4 Nxa4 16. Qxa4 Nd4 17. Qd1
Bd5 18. Bxd5+ Qxd5 19. Nc4 Bc5 20. e4 Qf7 21. Be3 Rfd8
22. Bxd4 Rxd4 23. Qc2 Bf8 24. Rfd1 Rc8 25. Qb3 Rc5 26. a4 Rc7
27. Qb6 Qd7 28. Rbc1 Rc6 29. Qb3 Qf7 30. Qb5 Rc5 31. Qb6 Qd7
32. Qb3 Qf7 33. Qb6 Qd7 34. Qb3 1/2-1/2

[Event "34th Olympiad"]
[Site "Istanbul TUR"]
[Date "2000.11.10"]
[EventDate "2000.10.28"]
[Round "13"]
[Result "1/2-1/2"]
[White "Bartosz Socko"]
[Black "Pentala Harikrishna"]
[WhiteElo "2528"]
[BlackElo "2500"]
[PlyCount "70"]

1. g3 d5 2. Bg2 Nf6 3. Nf3 Bf5 4. d3 h6 5. O-O e6 6. Nbd2 Be7
7. c4 Nc6 8. b3 O-O 9. Bb2 a5 10. Rc1 Re8 11. Ne5 Nxe5
12. Bxe5 c6 13. Nf3 Bh7 14. Qd2 Nd7 15. Bc3 Bf6 16. Rfd1 Bxc3
17. Qxc3 Nf6 18. e3 Qe7 19. Ne5 Nd7 20. Nxd7 Qxd7 21. d4 Qe7
22. Qb2 Rec8 23. a3 b5 24. cxb5 cxb5 25. Rxc8+ Rxc8 26. Rc1
Rc7 27. Bf1 b4 28. axb4 axb4 29. Qd2 Be4 30. Rxc7 Qxc7
31. Qxb4 Qc1 32. Qb5 Qd1 33. Qe2 Qxb3 34. f3 Bg6 35. Kf2 Qc3
1/2-1/2

[Event "Corus Group B"]
[Site "Wijk aan Zee NED"]
[Date "2001.01.17"]
[EventDate "2001.01.16"]
[Round "2"]
[Result "0-1"]
[White "Nico Vink"]
[Black "Pentala Harikrishna"]
[WhiteElo "2335"]
[BlackElo "2514"]
[PlyCount "82"]

1. e4 c5 2. Nf3 Nc6 3. d4 cxd4 4. Nxd4 Nf6 5. Nc3 e5 6. Ndb5
d6 7. Nd5 Nxd5 8. exd5 Nb8 9. c4 Be7 10. Bd3 O-O 11. O-O a6
12. Nc3 f5 13. f4 Nd7 14. Qc2 g6 15. Rb1 Bf6 16. b4 Qc7
17. Qb3 b5 18. Bb2 bxc4 19. Bxc4 exf4 20. Rxf4 Ne5 21. Ne2 g5
22. Bxe5 Bxe5 23. Rf2 f4 24. Bd3 Qa7 25. Kf1 Bg4 26. Be4 Rae8
27. Qd3 Bh8 28. Rc1 Qe7 29. Rc4 Bd7 30. Qc2 Bb5 31. Bd3 Bxc4
32. Qxc4 Rc8 33. Qxa6 Bd4 34. Bf5 Qe3 35. Be6+ Kh8 36. Rf3
Rc1+ 37. Nxc1 Qg1+ 38. Ke2 Qxg2+ 39. Ke1 Qxf3 40. Ne2 Bc3+
41. Kd1 Be5 0-1

[Event "Corus Group B"]
[Site "Wijk aan Zee NED"]
[Date "2001.01.23"]
[EventDate "2001.01.16"]
[Round "7"]
[Result "1-0"]
[White "Pentala Harikrishna"]
[Black "Yge Visser"]
[WhiteElo "2514"]
[BlackElo "2442"]
[PlyCount "81"]

1. e4 e6 2. d4 d5 3. Nd2 Nf6 4. e5 Nfd7 5. c3 c5 6. f4 Nc6
7. Ndf3 Qb6 8. g3 Be7 9. Ne2 O-O 10. Bh3 cxd4 11. cxd4 f6
12. Rf1 Kh8 13. Rf2 fxe5 14. fxe5 Ndxe5 15. dxe5 Bb4+ 16. Nc3
Nxe5 17. a3 Bc5 18. Rf1 Nxf3+ 19. Rxf3 Bd7 20. b4 Bf2+ 21. Kf1
Bd4 22. Bb2 Bc6 23. Bg4 Bxc3 24. Bxc3 d4 25. Bxd4 Rxf3+
26. Bxf3 Bxf3 27. Bxb6 Bxd1 28. Rxd1 axb6 29. Rd6 b5 30. Rxe6
Kg8 31. Rb6 Rxa3 32. Rxb7 Rf3+ 33. Ke2 Rf5 34. Ke3 h5 35. Rc7
Kh7 36. Rc6 Re5+ 37. Kd4 Re2 38. h4 Rg2 39. Rc3 Kg6 40. Kc5
Kf5 41. Kxb5 1-0

[Event "Corus Group B"]
[Site "Wijk aan Zee NED"]
[Date "2001.01.28"]
[EventDate "2001.01.16"]
[Round "11"]
[Result "1/2-1/2"]
[White "Pentala Harikrishna"]
[Black "Manuel Bosboom"]
[WhiteElo "2514"]
[BlackElo "2439"]
[PlyCount "102"]

1. d4 Nf6 2. c4 g6 3. Nf3 Bg7 4. g3 O-O 5. Bg2 d6 6. O-O Nbd7
7. Nc3 e5 8. e4 c6 9. h3 Qa5 10. Re1 exd4 11. Nxd4 Ne5 12. Bf1
Re8 13. Be3 Be6 14. Nxe6 Rxe6 15. Kg2 Rae8 16. f3 a6 17. a4
Qb4 18. a5 Qxb2+ 19. Bd2 Nxf3 20. Kxf3 Nxe4 21. Nxe4 Qxa1
22. Qxa1 Bxa1 23. Rxa1 Rxe4 24. Bd3 R4e6 25. Rb1 R8e7 26. Rb2
f6 27. h4 Kg7 28. Rb1 Re5 29. Kf2 h5 30. Ra1 Kf7 31. Bf4 R5e6
32. Rd1 f5 33. Bf1 Rd7 34. Bg2 Ke7 35. Bd2 Kf7 36. Bf1 Ke8
37. Bd3 Kf7 38. Bc3 Rde7 39. Bd4 Ke8 40. Bc3 Kd7 41. Bd2 Ke8
42. Kf3 Kf7 43. Kf4 Kf6 44. Rf1 Rf7 45. Rb1 Rfe7 46. Kf3 Kf7
47. Bg5 Rd7 48. Rd1 Kg7 49. Bd2 Rde7 50. Kf4 Kh6 51. Rb1 Rf7
1/2-1/2

[Event "12th Goodricke Open"]
[Site "Calcutta IND"]
[Date "2001.02.12"]
[EventDate "?"]
[Round "7"]
[Result "1/2-1/2"]
[White "Chandrasekar S Gokhale"]
[Black "Pentala Harikrishna"]
[WhiteElo "2326"]
[BlackElo "2514"]
[PlyCount "45"]

1. d4 e6 2. c4 Nf6 3. Nc3 Bb4 4. Bg5 c5 5. d5 h6 6. Bh4 Bxc3+
7. bxc3 d6 8. e3 e5 9. Qc2 Qe7 10. Nf3 Nbd7 11. Nd2 e4 12. Be2
g5 13. Bg3 Nf8 14. h4 Rg8 15. h5 Bf5 16. Rb1 b6 17. Qa4+ Bd7
18. Qa6 Bc8 19. Qa4+ Qd7 20. Qc2 Qe7 21. Qa4+ Qd7 22. Qc2 Qe7
23. Qa4+ 1/2-1/2

[Event "young masters"]
[Site "Lausanne SUI"]
[Date "2001.05.22"]
[EventDate "2001.05.20"]
[Round "2.1"]
[Result "1/2-1/2"]
[White "Pentala Harikrishna"]
[Black "Krishnan Sasikiran"]
[WhiteElo "2504"]
[BlackElo "2611"]
[PlyCount "115"]

1. d4 Nf6 2. c4 g6 3. Nf3 Bg7 4. g3 O-O 5. Bg2 d6 6. O-O Nbd7
7. Nc3 e5 8. e4 a6 9. Qc2 exd4 10. Nxd4 Re8 11. Rd1 Rb8 12. h3
c5 13. Nde2 Ne5 14. b3 b5 15. Be3 Qc7 16. cxb5 axb5 17. Nf4
Be6 18. Rac1 b4 19. Nxe6 Rxe6 20. Na4 Rbe8 21. f4 Ned7 22. e5
dxe5 23. f5 gxf5 24. Qxf5 e4 25. Qf2 Rc6 26. Nxc5 Nxc5
27. Rxc5 Rxc5 28. Bxc5 Qe5 29. Re1 Rd8 30. Bxb4 Rd3 31. Qc5
Qb8 32. Rc1 Ne8 33. Qc8 Bd4+ 34. Kh2 Qxg3+ 35. Kh1 Qe5 36. Bd6
Qxd6 37. Qxe8+ Kg7 38. Qxe4 Be5 39. Rf1 Rd2 40. a4 Rb2 41. a5
Rxb3 42. a6 Ra3 43. Qb7 Qe6 44. Rf3 Ra1+ 45. Rf1 Ra3 46. Rf3
Rxf3 47. Qxf3 Qxa6 48. Qg4+ Kf8 49. Qf5 Qa1+ 50. Qf1 Qd4
51. Qf5 Qd1+ 52. Qf1 Qc2 53. Qe1 Qb2 54. Qd1 Ke7 55. Qf3 Qc1+
56. Qf1 Qc3 57. Qf3 Qe1+ 58. Bf1 1/2-1/2

[Event "ch-IND"]
[Site "New Delhi IND"]
[Date "2001.06.02"]
[EventDate "2001.06.02"]
[Round "1"]
[Result "1/2-1/2"]
[White "Pentala Harikrishna"]
[Black "Atanu Lahiri"]
[WhiteElo "2504"]
[BlackElo "2391"]
[PlyCount "132"]

1. d4 Nf6 2. c4 e6 3. Nf3 d5 4. e3 c5 5. cxd5 exd5 6. Nc3 Nc6
7. dxc5 Bxc5 8. Be2 O-O 9. O-O Be6 10. b3 Qe7 11. Nb5 Rac8
12. Bb2 Rfd8 13. a3 Ne4 14. Nfd4 Ne5 15. Rc1 Bd7 16. b4 Bb6
17. Nc3 Nxc3 18. Bxc3 Nc4 19. Bd3 Nxa3 20. Qf3 Nc4 21. Qxd5
Nxe3 22. fxe3 Qxe3+ 23. Kh1 Be6 24. Bxh7+ Kxh7 25. Qh5+ Qh6
26. Qxh6+ Kxh6 27. Nxe6 fxe6 28. g3 Kg6 29. Rfe1 Rd3 30. Bb2
Rxc1 31. Bxc1 Kf7 32. Rf1+ Ke8 33. Re1 Kd7 34. Bf4 Rd4 35. Rb1
g6 36. Kg2 a6 37. Be3 Rd6 38. Bf4 Rc6 39. Kh3 Ke7 40. b5 axb5
41. Rxb5 Kf7 42. Kg4 Kf6 43. h4 Kf7 44. Kf3 Kf6 45. Ke4 Kf7
46. Rb4 Kg7 47. g4 Kg8 48. Bg5 Kf7 49. Bf4 Kg8 50. Be5 Kf7
51. Kf4 Kg8 52. Kg5 Kh7 53. Kf6 Bd8+ 54. Kf7 Bxh4 55. Rxb7 Kh6
56. Bg7+ Kg5 57. Bf6+ Kxg4 58. Rb4+ Kf5 59. Bxh4 e5 60. Rb1
Rc7+ 61. Be7 e4 62. Rb6 e3 63. Rf6+ Ke4 64. Re6+ Kd3 65. Kxg6
Rxe7 66. Rxe7 e2 1/2-1/2

[Event "ch-IND"]
[Site "New Delhi IND"]
[Date "2001.06.02"]
[EventDate "2001.06.02"]
[Round "19"]
[Result "1/2-1/2"]
[White "Neeraj-Kumar Mishra"]
[Black "Pentala Harikrishna"]
[WhiteElo "2321"]
[BlackElo "2504"]
[PlyCount "70"]

1. d4 Nf6 2. c4 g6 3. Nc3 Bg7 4. e4 d6 5. f3 O-O 6. Be3 c5
7. Nge2 Nc6 8. Qd2 cxd4 9. Nxd4 Nxd4 10. Bxd4 Be6 11. Be2 Qa5
12. O-O Rfc8 13. b3 b5 14. cxb5 Nxe4 15. fxe4 Bxd4+ 16. Qxd4
Rxc3 17. Rf2 Rac8 18. Raf1 Qb6 19. Qxb6 axb6 20. Bd1 f6
21. Rb2 Rd3 22. Rc2 Rxc2 23. Bxc2 Rc3 24. Bb1 Kg7 25. Rf3 Rc1+
26. Rf1 Rc5 27. Bd3 Kf8 28. Kf2 Ke8 29. Ra1 d5 30. Ke3 dxe4
31. Bxe4 Bd7 32. a4 e5 33. Kd2 f5 34. Bb7 Rc7 35. Ba8 Rc8
1/2-1/2

[Event "ch-IND"]
[Site "New Delhi IND"]
[Date "2001.06.04"]
[EventDate "2001.06.02"]
[Round "5"]
[Result "1-0"]
[White "Pentala Harikrishna"]
[Black "Sekhar Chandra Sahu"]
[WhiteElo "2504"]
[BlackElo "2325"]
[PlyCount "89"]

1. d4 Nf6 2. c4 c5 3. d5 e5 4. Nc3 d6 5. e4 Nbd7 6. Bd3 Be7
7. Nge2 g6 8. f3 Nh5 9. Be3 Bg5 10. Qd2 Bxe3 11. Qxe3 a6
12. h4 Qf6 13. g3 O-O 14. O-O-O Rb8 15. f4 exf4 16. gxf4 Re8
17. e5 dxe5 18. Ne4 Qe7 19. f5 Ndf6 20. fxg6 fxg6 21. Rdg1 b6
22. Rg5 Rb7 23. Rhg1 Kh8 24. d6 Qd8 25. Nxf6 Qxf6 26. Rxg6 Qf8
27. R6g5 e4 28. Bc2 Qf3 29. Qxe4 Qxe4 30. Bxe4 Rg7 31. Nc3 Be6
32. Bd5 Bxd5 33. Nxd5 Rd8 34. Rxg7 Nxg7 35. Rf1 Ne8 36. d7 Nd6
37. Nxb6 Kg7 38. Rd1 Nb7 39. Rd5 Kf7 40. a3 a5 41. Na4 Ke6
42. Nxc5+ Nxc5 43. Rxc5 Rxd7 44. Rxa5 Rd4 45. h5 1-0

[Event "ch-IND"]
[Site "New Delhi IND"]
[Date "2001.06.06"]
[EventDate "2001.06.02"]
[Round "9"]
[Result "1-0"]
[White "Lanka Ravi"]
[Black "Pentala Harikrishna"]
[WhiteElo "2381"]
[BlackElo "2504"]
[PlyCount "87"]

1. d4 Nf6 2. c4 c6 3. Nc3 d5 4. Nf3 e6 5. Bg5 dxc4 6. e4 b5
7. e5 h6 8. Bh4 g5 9. Nxg5 hxg5 10. Bxg5 Nbd7 11. g3 Rg8
12. h4 Rxg5 13. hxg5 Nd5 14. g6 fxg6 15. Qg4 Qe7 16. Bg2 Bb7
17. Qxg6+ Qf7 18. Qxf7+ Kxf7 19. Rh7+ Bg7 20. Bxd5 cxd5
21. Nxb5 Kg8 22. Rh2 Nxe5 23. dxe5 Bxe5 24. f4 a6 25. fxe5
axb5 26. O-O-O Kg7 27. Rh4 Kg6 28. Rf4 d4 29. Rf2 Bd5 30. Rxd4
Kg5 31. a3 b4 32. axb4 Ra1+ 33. Kd2 Rb1 34. Kc2 Re1 35. b5
Rxe5 36. Kc3 Re3+ 37. Kb4 Rxg3 38. b6 Rb3+ 39. Kc5 c3
40. Rxd5+ exd5 41. bxc3 Kg6 42. Rf4 Rxc3+ 43. Kxd5 Rb3 44. Kc5
1-0

[Event "ch-IND"]
[Site "New Delhi IND"]
[Date "2001.06.06"]
[EventDate "2001.06.02"]
[Round "10"]
[Result "1/2-1/2"]
[White "Pentala Harikrishna"]
[Black "Surya Shekhar Ganguly"]
[WhiteElo "2504"]
[BlackElo "2456"]
[PlyCount "83"]

1. d4 d5 2. c4 dxc4 3. Nf3 Nf6 4. e3 e6 5. Bxc4 c5 6. O-O a6
7. Bb3 cxd4 8. exd4 Nc6 9. Nc3 Be7 10. Re1 O-O 11. Bf4 Na5
12. d5 Nxb3 13. Qxb3 Nxd5 14. Rad1 Nxf4 15. Rxd8 Rxd8 16. g3
Nd5 17. Nxd5 Rxd5 18. Qxd5 exd5 19. Rxe7 Kf8 20. Rc7 Bh3
21. Ng5 Rc8 22. Nxh7+ Ke8 23. Rxc8+ Bxc8 24. Ng5 Bg4 25. h3 f6
26. hxg4 fxg5 27. Kf1 Ke7 28. Ke2 Kd6 29. Kd3 Kc5 30. a3 a5
31. b3 d4 32. Kc2 a4 33. bxa4 Kc4 34. a5 d3+ 35. Kb2 d2
36. Kc2 d1=Q+ 37. Kxd1 Kb3 38. Kd2 Kxa3 39. Kc3 Ka4 40. a6
bxa6 41. Kc4 Ka3 42. Kc3 1/2-1/2

[Event "ch-IND"]
[Site "New Delhi IND"]
[Date "2001.06.07"]
[EventDate "2001.06.02"]
[Round "12"]
[Result "0-1"]
[White "Pentala Harikrishna"]
[Black "Praveen Mahadeo Thipsay"]
[WhiteElo "2504"]
[BlackElo "2453"]
[PlyCount "126"]

1. d4 Nf6 2. Nf3 g6 3. Bf4 Bg7 4. e3 O-O 5. Be2 d6 6. h3 Nc6
7. O-O Nd7 8. Nc3 e5 9. Bg3 exd4 10. exd4 Ne7 11. Re1 Nf6
12. Bf1 Bd7 13. Bh4 h6 14. g4 g5 15. Bg3 Nh7 16. Bc4 Kh8
17. Qe2 Ng6 18. Bd3 f5 19. gxf5 Bxf5 20. Bxf5 Rxf5 21. Nd5
Rxd5 22. Qe4 Nf4 23. Bxf4 Nf6 24. Bxg5 hxg5 25. Qg6 Nh7
26. Qf7 Qg8 27. Qxg8+ Kxg8 28. Re7 Rb5 29. Rxc7 Rf8 30. Kg2
Rbf5 31. Rc3 Nf6 32. Re1 Nd5 33. Rb3 b5 34. Kg3 a5 35. a4 bxa4
36. Ra3 Nb4 37. Re2 Nc6 38. Rd2 Rf4 39. Nxg5 Nxd4 40. Rad3 Be5
41. Kg2 Kh8 42. Rg3 Nf5 43. Rg4 Nh4+ 44. Kf1 Rxg4 45. hxg4 Nf3
46. Nxf3 Rxf3 47. Rd5 Bxb2 48. Rxa5 Rf4 49. g5 Kg7 50. Ke2 Kg6
51. Kd3 a3 52. Ke3 Rf5 53. Ra6 Kxg5 54. f3 Rc5 55. Ke4 d5+
56. Kd3 Rc3+ 57. Kd2 Rxf3 58. Ra4 d4 59. Ra8 Kg6 60. Rg8+ Kf7
61. Ra8 Re3 62. c4 dxc3+ 63. Kc2 Re2+ 0-1

[Event "ch-IND"]
[Site "New Delhi IND"]
[Date "2001.06.09"]
[EventDate "2001.06.02"]
[Round "15"]
[Result "1/2-1/2"]
[White "Dibyendu Barua"]
[Black "Pentala Harikrishna"]
[WhiteElo "2494"]
[BlackElo "2504"]
[PlyCount "35"]

1. e4 e6 2. d4 d5 3. Nd2 c5 4. Ngf3 Nc6 5. exd5 exd5 6. Bb5
Bd6 7. dxc5 Qe7+ 8. Qe2 Qxe2+ 9. Kxe2 Bxc5 10. Nb3 Bb6 11. Be3
Bg4 12. Bxb6 axb6 13. Nbd4 Nge7 14. Kd2 O-O 15. Bxc6 bxc6
16. Ne5 c5 17. Nxg4 Ra4 18. Nf3 1/2-1/2

[Event "Asian U20"]
[Site "Tehran IRI"]
[Date "2001.07.13"]
[EventDate "2001.07.14"]
[Round "1"]
[Result "1-0"]
[White "Pentala Harikrishna"]
[Black "Bolot Takyrbashev"]
[WhiteElo "2522"]
[BlackElo "2144"]
[PlyCount "69"]

1. Nf3 Nf6 2. d4 e6 3. c4 b6 4. e3 Bb7 5. Bd3 Be7 6. O-O O-O
7. Nc3 d5 8. cxd5 exd5 9. Ne2 Nbd7 10. b3 Bd6 11. Ng3 g6
12. Bb2 Qe7 13. Rc1 Ne4 14. Qe2 a6 15. Rc2 h5 16. Rfc1 h4
17. Nf1 h3 18. g3 c5 19. Nh4 b5 20. Bxe4 dxe4 21. Qg4 Nf6
22. Qxh3 Bc8 23. Qg2 g5 24. dxc5 Be5 25. Bxe5 Qxe5 26. f4 exf3
27. Nxf3 Qe7 28. Nxg5 Bf5 29. Rf2 Bg6 30. Qf3 Nd7 31. c6 Ne5
32. Qf6 Qa3 33. Rf4 Bd3 34. Rh4 Ng6 35. Rh7 1-0

[Event "Asian U20"]
[Site "Tehran IRI"]
[Date "2001.07.15"]
[EventDate "2001.07.14"]
[Round "4"]
[Result "1/2-1/2"]
[White "Marani Rajendran Venkatesh"]
[Black "Pentala Harikrishna"]
[WhiteElo "2356"]
[BlackElo "2522"]
[PlyCount "42"]

1. Nf3 c5 2. g3 Nc6 3. Bg2 g6 4. d3 Bg7 5. O-O e5 6. e4 Nge7
7. Re1 O-O 8. Nbd2 d6 9. Nf1 f5 10. exf5 Nxf5 11. h4 h6
12. N3h2 Be6 13. Ne3 Qd7 14. c4 Ncd4 15. Be4 Rf7 16. Rb1 Raf8
17. b4 b6 18. b5 Qd8 19. Rb2 Nxe3 20. Bxe3 Nf5 21. Ng4 h5
1/2-1/2